Castellano. segundo curso /
Guardado en:
| Autor Principal: | |
|---|---|
| Formato: | Libro |
| Publicado: |
Argentina :
Kapelusz,
1967
|
| Edición: | 2a. ed. |
| Materias: | |
| Etiquetas: |
Agregar Etiqueta
Sin Etiquetas, Sea el primero en etiquetar este registro!
|
| LEADER | 00970nam a22002055a 4500 | ||
|---|---|---|---|
| 001 | CEM.cems003669 | ||
| 005 | 19000101000000.0 | ||
| 008 | 130507s1967##################000#0#####d | ||
| 003 | CEMS | ||
| 082 | 0 | 4 | |a 468 |
| 100 | 1 | |a Lacau, Maria H. P. Mujica De | |
| 245 | 1 | 0 | |a Castellano. segundo curso / |
| 250 | |a 2a. ed. | ||
| 260 | |a Argentina : |b Kapelusz, |c 1967 | ||
| 300 | |a 257 p. | ||
| 505 | 0 | |a Orientaci¢n moderna de la gram tica. Teor¡a. Linguistica. Gram tica y l¢gica. Sint xsis y morfolog¡a Género. N£mero. Objetivos de la ense¤anza de la lengua. Oraci¢n y proposici¢n. Modificador directo. Sujeto, n£cleo y modificadores. El adjetivo. Modificadores del adjetivo. EL pronombre. Pronombres personales, posesivos. | |
| 653 | |a Lengua y literatura | ||
| 859 | |a CEMS |b BIB. CEMS - 11 de abril |h 468 |i L116a2/II |p 1000.73 |t Ej.2 | ||
| 859 | |a CEMS |b BIB. CEMS - 11 de abril |h 468 |i L116a2/II |p 1588.74 |t Ej.3 | ||
| 859 | |a CEMS |b BIB. CEMS - 11 de abril |h 468 |i L116a2/II |p 998.73 |t Ej.1 | ||
